| 000 | 00659nam a2200181Ia 4500 | ||
|---|---|---|---|
| 008 | 100921s9999 xx 000 0 und d | ||
| 082 |
_b7945 _a891.467 0 |
||
| 100 | _aभावे पुरूषोत्तम भास्कर. | ||
| 245 | _aवाकुल्या. | ||
| 260 |
_bकाँन्टीनेंटल बुक सर्व्हीस,पुणे. _c0 |
||
| 300 |
_a141 _b--- |
||
| 365 | _b5 | ||
| 520 | _aललित-विनोदी साहित्य. | ||
| 630 | _aवाकुल्या. | ||
| 650 | _aललित-विनोदी साहित्य. | ||
| 730 | _aवाकुल्या. | ||
| 942 | _cBOOK | ||
| 999 |
_c757058 _d757055 |
||